=LDR 00000nam 2200000 4500 =001 NUTBA000000000002410 =005 20140616112506.0 =006 =007 =008 =020 ##$$a 978-979-29-2676-7 =035 ##$$a 0010-061400000000353 =040 ##$$a NBPDMAT =082 ##$$a 658.421 =090 ##$$a 658.421 $b Ded m =100 ##$$a Dedi Tri Putra =245 ##$$a Most wanted enterpreneur / $c Dedi Tri Putra ; editor, Hernita P =260 ##$$a Yogyakarta : $b Andi, $c 2011 =300 ##$$a xxii, 180 hlm. : $b ilus. ; $c 21 cm. =650 ##$$a Wirausaha =700 ##$$a Hernita P =850 ##$$a NBPDMAT =990 ##$$a 21401497